British Celebrities by Picture #6 - Statistics

General Stats
  • This quiz has been taken 238 times
  • The average score is 9 of 20
Answer Stats
Picture Answer % Correct
John Lennon
94%
Robert Pattinson
75%
Sharon Osbourne
70%
Anne Boleyn
64%
Jessie J
61%
Mel B
60%
David Walliams
59%
Jason Statham
59%
Sean Bean
49%
The Stig
48%
Alan Shearer
37%
Lulu
31%
Alexandra Burke
28%
Timothy Spall
27%
Amal Clooney
22%
Clement Attlee
18%
Mark Ronson
18%
Vicky Pattison
17%
Jane Seymour
16%
Katie Leung
15%
No matching quizzes found
Score Distribution
Percent of People with Each Score
Percentile by Number Answered
Your Score History
You have not taken this quiz